000 01193ngm a22003610a 4500
001 PT18447
003 AR-LpoUNG
005 20210202000254.0
007 vd cvaizq
008 191001s2002||||ag |||||||||||||||||spa d
040 _aAR-LpoUNG
_bspa
_cAR-LpoUNG
_eaacr
041 _aspa
044 _aag
082 0 _a982.064 637sol
100 1 _aMilstein, Pablo
_edir.
245 1 0 _aSol de noche
260 _aBuenos Aires :
_bPágina 12,
_c[2002].
300 _aVHS (77 min.) : son., col.
520 _aLa historia de la "Noche del apagón" y el secuestro de 400 personas en un pueblo de Jujuy. Sol de noche cuenta la historia de Olga y su marido, el Dr. Luis Aredez, que fue secuestrado, torturado y hecho desaparecer por las fuerzas militares, en colaboración con el Ingenio Ledesma, otro de los protagonistas de este relato.
650 4 _aARGENTINA
650 4 _aDELITOS
650 4 _aEJERCITO
650 4 _aGENOCIDIO
650 4 _aGOLPES DE ESTADO
650 4 _aPROBLEMAS SOCIALES
650 4 _aSOCIEDAD
653 _aREPRESION
653 _aVIDEOS
700 1 _aAliberti, Eduardo
_eprod.
700 1 _aLudin, Norberto
_edir.
905 _a18447
942 _cVIDEO
999 _c54501
_d54501